000 00584nam a2200169 4500
001 116898
003 ES-MaACL
005 20230906190805.0
007 t|
008 070227s1910 fr r ||||1| fre d
100 1 _aPawlowski, Auguste.
_989697
245 1 3 _aLa Confédération générale du travail
_b: ses origines, son organisation, ses tendances, ses moyens d'action et son avenir /
_cpar Auguste Pawlowski ; préface de J. Bourdeau.
260 _aParis :
_bF. Alcan,
_c1910.
300 _a156 p. ;
_c19 x 12 cm.
700 1 _aBourdeau, J.
_930954
852 _aES-MaACL
_jF-5914
999 _c116898
_d116898